000 00594 a2200265 4500
260 _aParis
630 _a57 - Biologie
037 _b1, Achat
650 _a5 - SCIENCES EXACTES ET NATURELLES
100 _aHoagland, Mahlon
260 _bInterEditions
245 _aLa Cellule insolite
300 _a156 p.
650 _aGénétique
650 _aCellule
260 _c1981
300 _b22cm
100 _lFr
037 _aS 7194
700 _apréf., Kourilsky, Philippe
700 _aAlibert-Kouraguine, Daniel
020 _a2-7296-0094-9
999 _c41572
_d41572